Countries With The Most Oil - Statistics

General Stats
  • This quiz has been taken 32 times
  • The average score is 16 of 20
Answer Stats
Answer % Correct
Russia
100%
Saudi Arabia
100%
China
96%
United States
96%
Iran
92%
United Arab Emirates
92%
Venezuela
92%
Canada
88%
Kuwait
88%
Brazil
85%
Iraq
85%
Qatar
85%
Mexico
81%
Kazakhstan
73%
Libya
65%
Algeria
62%
Nigeria
62%
Angola
50%
Ecuador
42%
Azerbaijan
35%
No matching quizzes found
Score Distribution
Percent of People with Each Score
Percentile by Number Answered
Your Score History
You have not taken this quiz